Magic in a bottle (Record no. 1124)

MARC details
000 -LEADER
fixed length control field 00503nam a2200193 a 4500
005 - DATE AND TIME OF LATEST TRANSACTION
control field 20260322212048.0
008 - FIXED-LENGTH DATA ELEMENTS--GENERAL INFORMATION
fixed length control field data
010 ## - LIBRARY OF CONGRESS CONTROL NUMBER
LC control number 41-5618
096 ## - LOCALLY ASSIGNED NLM-TYPE CALL NUMBER (OCLC)
Classification number QV 11 Si38m 1941
001 - CONTROL NUMBER
control field data
100 1# - MAIN ENTRY--PERSONAL NAME
Personal name Silverman, Milton Morris,
Dates associated with a name 1910-
245 10 - TITLE STATEMENT
Title Magic in a bottle
Statement of responsibility, etc. Milton Morris Silverman
260 ## - PUBLICATION, DISTRIBUTION, ETC.
Place of publication, distribution, etc. New York
Name of publisher, distributor, etc. The Macmillan Company
Date of publication, distribution, etc. c1941
300 ## - PHYSICAL DESCRIPTION
Extent xi, 332 p.
500 ## - GENERAL NOTE
General note Bibliography: p. 315-323.
500 ## - GENERAL NOTE
General note In library storage.
650 02 - SUBJECT ADDED ENTRY--TOPICAL TERM
Topical term or geographic name entry element Pharmacists
650 02 - SUBJECT ADDED ENTRY--TOPICAL TERM
Topical term or geographic name entry element Pharmacy
General subdivision history
Holdings
Withdrawn status Lost status Damaged status Not for loan Home library Current library Shelving location Date acquired Total checkouts Full call number Barcode Date last seen Price effective from Koha item type
        Centerville Centerville General stacks 22/03/2026   GEN BC0011161 22/03/2026 22/03/2026 Books